000 00776nam a2200265Ia 4500
003 OSt
005 20220926000810.0
006 a|||||r|||| 00| 0
007 ta
008 220923b |||||||| |||| 00| 0 eng d
020 _a8121000440
037 _cGeneral Book
040 _aRTL
_cRTL
_beng
041 _2eng
_aeng
082 _aY72:1.273A.N8, M6
100 _aKumar Alok
_9303013
245 0 _aTribal Culture and Economy
_b Tha Mal Paharias of Santal Pargans
260 _a New Delhi
_bInter-India
_c1986
300 _axviii,328p
_ccm.
490 _aTribal Studies of India.TIIS
500 _aBibiliography: P 298-322
650 _aTribes
_940733
942 _hY72:1.273A.N8, M6
_cGB
_2CC
999 _c599769
_d599769